U.S. States with the most borders - Statistics

General Stats
  • This quiz has been taken 33 times
  • The average score is 8 of 11
Answer Stats
Answer % Correct
Kentucky
97%
Tennessee
93%
Arkansas
83%
Iowa
83%
Missouri
83%
Oklahoma
79%
Colorado
72%
Nebraska
72%
Wyoming
59%
Idaho
52%
South Dakota
48%
No matching quizzes found
Score Distribution
Percent of People with Each Score
Percentile by Number Answered
Your Score History
You have not taken this quiz